000 00711nam a2200229 i 4500
001 169875
003 ES-MaACL
005 20230906214227.0
008 081211s1950 fr |||| | fre d
080 _a262.13"13"
080 _a27"13"
100 1 _aMollat, Guillaume.
_9139065
245 1 4 _aLes Papes d'Avignon
_b: (1305-1378) /
_cG. Mollat.
250 _a9e éd. rev., remaniée et augm.
260 _aParis :
_bLetouzey et Ané,
_c1950.
300 _a597 p. ;
_c19 cm.
500 _aÍndice.
504 _aBibliografía.
650 4 _aPapas-
_yS.XIV.
_9139064
650 4 _aHistoria eclesiástica-
_yS.XIV.
_9139066
852 4 _aES-MaACL
_jE-12359
_9R.140499
_z- Biblioteca Jacinto Martínez Lacalle
999 _c169875
_d169875